প্ৰাক - শৈশৱকালীন শিশুৰ যতন আৰু শিক্ষা (Record no. 16374)
[ view plain ]
| 000 -LEADER | |
|---|---|
| fixed length control field | 00580nam a22001937a 4500 |
| 008 - FIXED-LENGTH DATA ELEMENTS--GENERAL INFORMATION | |
| fixed length control field | 260420b |||||||| |||| 00| 0 eng d |
| 020 ## - INTERNATIONAL STANDARD BOOK NUMBER | |
| International Standard Book Number | 978-93-47492-23-5 |
| Price | 240.00 |
| 040 ## - CATALOGING SOURCE | |
| Original Cataloguing agency | Sibsagar Commerce College Central Library |
| 041 ## - LANGUAGE CODE | |
| Language code of text/sound track or separate title | Assamese |
| 082 ## - DEWEY DECIMAL CLASSIFICATION NUMBER | |
| Classification number | 372.21 |
| Book Number | SAI |
| 100 ## - MAIN ENTRY--PERSONAL NAME | |
| Personal name | Saikia, Tarun |
| Dates associated with a name | Saikia, Runu Borah |
| 245 ## - TITLE STATEMENT | |
| Title | প্ৰাক - শৈশৱকালীন শিশুৰ যতন আৰু শিক্ষা |
| Statement of responsibility, etc. | By Tarun Saikia. |
| 250 ## - EDITION STATEMENT | |
| Edition statement | 1st ed. |
| 260 ## - PUBLICATION, DISTRIBUTION, ETC. | |
| Place of publication, distribution, etc. | Jorhat: |
| Name of publisher, distributor, etc. | Bidya Bhawan; |
| Date of publication, distribution, etc. | 2026. |
| 300 ## - PHYSICAL DESCRIPTION | |
| Pages | 238p. |
| 650 ## - Subject | |
| Subject | Education |
| 942 ## - ADDED ENTRY ELEMENTS (KOHA) | |
| Source of classification or shelving scheme | Dewey Decimal Classification |
| Koha item type | Books |
| Withdrawn status | Lost status | Source of classification or shelving scheme | Damaged status | Not for loan | Collection code | Home library | Current library | Shelving location | Date acquired | Source of acquisition | Total Checkouts | Full call number | Barcode | Date last seen | Copy number | Cost, replacement price | Price effective from | Koha item type |
|---|---|---|---|---|---|---|---|---|---|---|---|---|---|---|---|---|---|---|
| Dewey Decimal Classification | Education | Sibsagar Commerce College Central Library | Sibsagar Commerce College Central Library | General Stacks | 20/04/2026 | Kitap Ghar | 372.21 SAI | 29368 | 20/04/2026 | 1 | 480.00 | 20/04/2026 | Books | |||||
| Dewey Decimal Classification | Education | Sibsagar Commerce College Central Library | Sibsagar Commerce College Central Library | General Stacks | 20/04/2026 | Kitap Ghar | 372.21 SAI | 29369 | 20/04/2026 | 2 | 480.00 | 20/04/2026 | Books | |||||
| Dewey Decimal Classification | Education | Sibsagar Commerce College Central Library | Sibsagar Commerce College Central Library | General Stacks | 20/04/2026 | Kitap Ghar | 372.21 SAI | 29370 | 20/04/2026 | 3 | 480.00 | 20/04/2026 | Books | |||||
| Dewey Decimal Classification | Education | Sibsagar Commerce College Central Library | Sibsagar Commerce College Central Library | General Stacks | 20/04/2026 | Kitap Ghar | 372.21 SAI | 29371 | 20/04/2026 | 4 | 480.00 | 20/04/2026 | Books |
